Statistiques concernant Les 10 transferts les plus chers du Mercato 2017

Cliquez ici pour prendre le quiz!

Statistiques générales

  • Ce quiz a été pris 502 fois
  • Le résultat moyen est 9 sur 10

Statistiques - réponses

TransfertNationalitéPrixJoueur% Correct
2eAS Monaco -> Paris Saint-GermainFrance180M€Kylian Mbappé
100%
1erFC Barcelone -> Paris Saint-GermainBrésil222M€Neymar
100%
3eBorussia Dortmund -> FC BarceloneFrance147M€Ousmane Dembélé
98%
8eOlympique lyonnais -> ArsenalFrance53M€Alexandre Lacazette
95%
9eAS Monaco -> Manchester CityPortugal50M€Bernardo Silva
93%
4eEverton -> Manchester UnitedBelgique102M€Romelu Lukaku
92%
6eAS Monaco -> Manchester CityFrance57M€Benjamin Mendy
91%
7eTottenham -> Manchester CityAngleterre56M€Kyle Walker
72%
5eReal Madrid -> ChelseaEspagne78M€Alvaro Morata
70%
10eSwansea -> EvertonIslande49M€Gylfi Sigurðsson
59%

Distribution des résultats

Percentile par nombre de réponses

% des personnes avec chaque résultat

Votre développement - résultats

Vous n’avez pas pris ce quiz